000 00621nam a22002297a 4500
003 LK-CoDNM
005 20250228122439.0
008 250224b |||||||| |||| 00| 0 eng d
040 _aLK-CoDNM
_dLK-CoDNM
_eLK-CoDNM
041 _aeng
080 _aRC
_b594
100 _aPande, A. & Dhar, P. P.
245 _aCultural interface with India with Asia
246 _aReligion, Art and Architecture.
260 _aNew Delhi
_bD. K. Printworld (P) Ltd.
_c2003
300 _aXXII, 412p. , Ill, Map ; 28cm
650 _aIndia
650 _aCivilization
650 _aAsia
650 _aHistory
942 _cBK
999 _c238540
_d238540